آداب ملاقات / (Record no. 239949)
[ view plain ]
| 000 -LEADER | |
|---|---|
| fixed length control field | 00510nam a22001697a 4500 |
| 003 - CONTROL NUMBER IDENTIFIER | |
| control field | BD-DhUL |
| 005 - DATE AND TIME OF LATEST TRANSACTION | |
| control field | 20180402144318.0 |
| 008 - FIXED-LENGTH DATA ELEMENTS--GENERAL INFORMATION | |
| fixed length control field | 180402s1935 pk ||||| |||| 00| 0 urd d |
| 040 ## - CATALOGING SOURCE | |
| Original cataloging agency | BD-DhUL |
| Transcribing agency | BD-DhUL |
| 082 ## - DEWEY DECIMAL CLASSIFICATION NUMBER | |
| Classification number | 395 |
| Item number | MUA |
| 100 0# - MAIN ENTRY--PERSONAL NAME | |
| Personal name | محمدی بیگیم صاحبہ |
| 245 1# - TITLE STATEMENT | |
| Title | آداب ملاقات / |
| Statement of responsibility, etc. | محمدی بیگیم صاحبہ |
| 260 ## - PUBLICATION, DISTRIBUTION, ETC. (IMPRINT) | |
| Place of publication, distribution, etc. | لاهور : |
| Name of publisher, distributor, etc. | دارالاشاعت پنجاب، |
| Date of publication, distribution, etc. | ۱۹۳۵۔ |
| 300 ## - PHYSICAL DESCRIPTION | |
| Extent | ص۔ ۸۸ ؛ |
| Dimensions | ۲۴ سم۔ |
| 650 0# - SUBJECT ADDED ENTRY--TOPICAL TERM | |
| Topical term or geographic name as entry element | Etiquette |
| 942 ## - ADDED ENTRY ELEMENTS (KOHA) | |
| Source of classification or shelving scheme | |
| Koha item type | Books |
| Price effective from | Date last seen | Permanent Location | Not for loan | Date acquired | Source of classification or shelving scheme | Koha item type | Lost status | Withdrawn status | Copy number | Source of acquisition | Collection code | Damaged status | Shelving location | Barcode | Current Location | Full call number |
|---|---|---|---|---|---|---|---|---|---|---|---|---|---|---|---|---|
| 2018-04-02 | 2018-04-02 | Dhaka University Library | 2018-04-02 | Books | 1 | purchased | Non Fiction | General Stacks | 47575 | Dhaka University Library | 395 MUA |
